Ermanna nella storia : fra arte e racconto /

I tiakina i:
Ngā taipitopito rārangi puna kōrero
Kaituhi matua: Chiozzi, Ermanna (Author)
Ētahi atu kaituhi: Sitti, Renato
Hōputu: Pukapuka
Reo:Itāriana
I whakaputaina: \Padova! : Interbooks, 1990
Ngā marau:
Ngā Tūtohu: Tāpirihia he Tūtohu
Kāore He Tūtohu, Me noho koe te mea tuatahi ki te tūtohu i tēnei pūkete!

MARC

LEADER 00000nam a22000007i 4500
001 IT\ICCU\CFI\0207371
003 ItRI
005 20260115232247.0
008 920511s1990 it |||||| ||||| |||||c
040 |b ita  |c importazione bologna sebina 
041 7 |a ita  |2 ISO-639-2 
100 1 |a Chiozzi, Ermanna  |0 IT\ICCU\CFIV\103491  |4 aut 
245 1 0 |a Ermanna nella storia :  |b fra arte e racconto /  |c Ermanna Chiozzi ; a cura di Renato Sitti. 
260 |a \Padova! :  |b Interbooks,  |c 1990 
300 |a 68 p. ;  |c 24 cm. 
650 7 |a Chiozzi Ermanna  |x Esposizioni  |x Copparo  |x 1990  |2 scbi 
700 1 |a Sitti, Renato  |0 IT\ICCU\CFIV\054293 
942 |2 ddc  |c BK  |n 0 
952 |0 0  |1 0  |4 0  |6 DOC_759_500000000000000_CHI  |7 0  |9 23171  |a BO  |b BO  |d 2026-01-15  |i 20812  |l 0  |o DOC 759.5 CHI  |p BO20812  |r 2026-01-15 23:22:47  |w 2026-01-15  |x [Sebina 5] [1 v.]  |y BK  |z 1 v. 
999 |c 19759  |d 19759